00768nam a22002057a 4500999001900000005001700019010001500036020002700051035001400078037001300092082001300105245010800118260004100226270007900267300002700346700001700373700001800390942002700408952012700435 c186901d18690120220323143500.0 aENG-132078 a9789386618948c1195.00 aEN-115610 bDBAD/PUB a954.0531 aSurprise, Strategy and 'Vijay':b20 Years of Kargil and Beyond/cEdited by VK Ahlualia and Narjit Singh aNew Delhi bPentagon Press Llpc2019 a206, Peacock Lane, Shahpur Jat'bNew Delhie110049mrajan@pentagonpress.in a310pbIndexc23cm(hbk) aAhlualia, Vk aSingh, Narjit 2ddccENmSURh954.0531 001040708NFICaBL1bBL1d2022-03-22eDBAD/PUBg1195.00l0o954.0531 SURpEN-115610r2022-03-22 00:00:00t1v1195.00yEN